[Event "DEM U8 2025"]
[Site "Willingen GER"]
[Date "2025.06.13"]
[Round "6"]
[White "Zargaran, Paya"]
[Black "Ju, Eric Zirui"]
[Result "1-0"]
[Termination "normal"]
[Board "1"]
[WhiteElo "1519"]
[BlackElo "1563"]
[WhiteClock "00:54:40"]
[BlackClock "00:54:48"]
[PlyCount "39"]
[WhiteFideId "34681736"]
[BlackFideId "533011192"]
[EventCountry "GER"]
[EventRounds "7"]
[EventType "swiss"]
[EventDate "2025.06.10"]

1. e4 {[%clk 01:00:27]} {[%emt 00:00:02]} e5 {[%clk 01:00:26]} {[%emt
00:00:05]} 2. Nf3 {[%clk 01:00:37]} {[%emt 00:00:05]} Nc6 {[%clk 01:00:26]}
{[%emt 00:00:14]} 3. Nc3 {[%clk 01:00:51]} {[%emt 00:00:02]} Nf6 {[%clk
01:00:31]} {[%emt 00:00:09]} 4. d4 {[%clk 01:01:04]} {[%emt 00:00:03]} exd4
{[%clk 01:00:38]} {[%emt 00:00:07]} 5. Nxd4 {[%clk 01:01:17]} {[%emt 00:00:04]}
Bb4 {[%clk 01:00:34]} {[%emt 00:00:18]} 6. Nxc6 {[%clk 01:01:29]} {[%emt
00:00:03]} bxc6 {[%clk 01:00:37]} {[%emt 00:00:12]} 7. Bd3 {[%clk 01:01:31]}
{[%emt 00:00:13]} d5 {[%clk 01:00:44]} {[%emt 00:00:08]} 8. exd5 {[%clk
01:01:39]} {[%emt 00:00:08]} O-O {[%clk 01:00:33]} {[%emt 00:00:07]} 9. O-O
{[%clk 01:00:58]} {[%emt 00:01:21]} Bg4 {[%clk 01:00:39]} {[%emt 00:00:09]} 10.
f3 {[%clk 01:00:52]} {[%emt 00:00:22]} Bh5 {[%clk 01:00:43]} {[%emt 00:00:11]}
11. dxc6 {[%clk 01:00:42]} {[%emt 00:00:25]} Qd4+ {[%clk 00:59:30]} {[%emt
00:01:28]} 12. Kh1 {[%clk 01:00:08]} {[%emt 00:00:49]} Bxc3 {[%clk 00:59:31]}
{[%emt 00:00:13]} 13. bxc3 {[%clk 00:59:54]} {[%emt 00:00:30]} Qxc3 {[%clk
00:59:05]} {[%emt 00:00:40]} 14. Bd2 {[%clk 00:59:29]} {[%emt 00:00:40]} Qxc6
{[%clk 00:58:38]} {[%emt 00:00:43]} 15. Bg5 {[%clk 00:57:37]} {[%emt 00:01:58]}
h6 {[%clk 00:56:11]} {[%emt 00:02:51]} 16. Bxf6 {[%clk 00:56:34]} {[%emt
00:01:18]} Qxf6 {[%clk 00:56:11]} {[%emt 00:00:14]} 17. Re1 {[%clk 00:55:45]}
{[%emt 00:01:04]} Rad8 {[%clk 00:55:34]} {[%emt 00:00:52]} 18. Qe2 {[%clk
00:55:22]} {[%emt 00:00:38]} Rfe8 {[%clk 00:54:40]} {[%emt 00:01:09]} 19. Qxe8+
{[%clk 00:54:40]} {[%emt 00:00:56]} Rxe8 {[%clk 00:54:48]} {[%emt 00:00:08]}
20. Rxe8# {[%emt 00:00:19]} 1-0

[Event "DEM U8 2025"]
[Site "Willingen GER"]
[Date "2025.06.13"]
[Round "6"]
[White "Keleti, Hugó"]
[Black "Liu, Yining"]
[Result "0-1"]
[Termination "normal"]
[Board "2"]
[WhiteElo "1379"]
[BlackElo "1677"]
[WhiteClock "00:18:13"]
[BlackClock "00:17:44"]
[PlyCount "86"]
[WhiteFideId "533043680"]
[BlackFideId "8655049"]
[EventCountry "GER"]
[EventRounds "7"]
[EventType "swiss"]
[EventDate "2025.06.10"]

1. c4 {[%clk 01:00:28]} e5 {[%clk 01:00:25]} {[%emt 00:00:06]} 2. g3 {[%clk
01:00:37]} {[%emt 00:00:07]} Nc6 {[%clk 01:00:33]} {[%emt 00:00:06]} 3. Bg2
{[%clk 01:00:40]} {[%emt 00:00:12]} Bc5 {[%clk 01:00:40]} {[%emt 00:00:09]} 4.
a3 {[%clk 01:00:30]} {[%emt 00:00:25]} a6 {[%clk 01:00:29]} {[%emt 00:00:26]}
5. b4 {[%clk 00:59:10]} {[%emt 00:01:35]} Ba7 {[%clk 01:00:34]} {[%emt
00:00:10]} 6. Nc3 {[%clk 00:59:07]} {[%emt 00:00:17]} d6 {[%clk 01:00:26]}
{[%emt 00:00:23]} 7. Nf3 {[%clk 00:58:50]} {[%emt 00:00:32]} Nf6 {[%clk
00:59:49]} {[%emt 00:00:52]} 8. O-O {[%clk 00:58:10]} {[%emt 00:00:55]} O-O
{[%clk 00:58:18]} {[%emt 00:01:45]} 9. Bb2 {[%clk 00:57:20]} {[%emt 00:01:06]}
h6 {[%clk 00:57:11]} {[%emt 00:01:23]} 10. d3 {[%clk 00:56:41]} {[%emt
00:00:53]} Bf5 {[%clk 00:55:23]} {[%emt 00:02:03]} 11. Ne1 {[%clk 00:54:33]}
{[%emt 00:02:23]} Bh7 {[%clk 00:53:21]} {[%emt 00:02:17]} 12. Nf3 {[%clk
00:53:30]} {[%emt 00:01:18]} Re8 {[%clk 00:52:25]} {[%emt 00:01:11]} 13. Rc1
{[%clk 00:53:10]} {[%emt 00:00:35]} Qd7 {[%clk 00:49:59]} {[%emt 00:02:42]} 14.
Nd2 {[%clk 00:52:44]} {[%emt 00:00:40]} Rab8 {[%clk 00:48:14]} {[%emt
00:02:01]} 15. Nde4 {[%clk 00:52:05]} {[%emt 00:00:53]} Nxe4 {[%clk 00:47:36]}
{[%emt 00:00:53]} 16. Nxe4 {[%clk 00:52:06]} {[%emt 00:00:14]} f5 {[%clk
00:46:22]} {[%emt 00:01:30]} 17. Nc3 {[%clk 00:51:38]} {[%emt 00:00:41]} f4
{[%clk 00:46:04]} {[%emt 00:00:34]} 18. Kh1 {[%clk 00:50:52]} {[%emt 00:01:02]}
Nd4 {[%clk 00:44:21]} {[%emt 00:01:58]} 19. e3 {[%clk 00:48:06]} {[%emt
00:03:00]} fxe3 {[%clk 00:44:08]} {[%emt 00:00:28]} 20. fxe3 {[%clk 00:46:45]}
{[%emt 00:01:37]} Nf5 {[%clk 00:43:51]} {[%emt 00:00:31]} 21. Qg4 {[%clk
00:41:49]} {[%emt 00:05:11]} Bxe3 {[%clk 00:39:49]} {[%emt 00:04:18]} 22. Nd5
{[%clk 00:41:34]} {[%emt 00:00:30]} h5 {[%clk 00:32:49]} {[%emt 00:07:15]} 23.
Nf6+ {[%clk 00:37:35]} {[%emt 00:04:14]} Kh8 {[%clk 00:32:23]} {[%emt
00:00:40]} 24. Nxd7 {[%clk 00:37:25]} {[%emt 00:00:25]} hxg4 {[%emt 00:00:28]}
25. Nxb8 {[%clk 00:37:08]} {[%emt 00:00:20]} Bxc1 {[%clk 00:31:36]} {[%emt
00:01:02]} 26. Bxc1 {[%clk 00:34:57]} {[%emt 00:02:25]} Rxb8 {[%clk 00:31:27]}
{[%emt 00:00:24]} 27. Be4 {[%clk 00:33:32]} {[%emt 00:01:40]} Rf8 {[%clk
00:29:05]} {[%emt 00:02:37]} 28. Kg2 {[%clk 00:32:34]} {[%emt 00:01:13]} c6
{[%clk 00:28:29]} {[%emt 00:00:51]} 29. a4 {[%clk 00:30:37]} {[%emt 00:02:13]}
g6 {[%clk 00:27:06]} {[%emt 00:01:38]} 30. Kg1 {[%clk 00:27:46]} {[%emt
00:03:06]} Kg7 {[%clk 00:24:53]} {[%emt 00:02:28]} 31. a5 {[%clk 00:26:09]}
{[%emt 00:01:52]} Rd8 {[%clk 00:23:23]} {[%emt 00:01:44]} 32. Bg5 {[%clk
00:25:45]} {[%emt 00:00:40]} Rd7 {[%clk 00:23:16]} {[%emt 00:00:21]} 33. Bc1
{[%clk 00:24:25]} {[%emt 00:01:35]} d5 {[%clk 00:22:24]} {[%emt 00:01:08]} 34.
cxd5 {[%clk 00:24:05]} {[%emt 00:00:35]} cxd5 {[%clk 00:22:35]} {[%emt
00:00:04]} 35. Bg2 {[%clk 00:24:13]} {[%emt 00:00:06]} Bg8 {[%clk 00:21:16]}
{[%emt 00:01:33]} 36. Bb2 {[%clk 00:24:06]} {[%emt 00:00:24]} d4 {[%clk
00:20:44]} {[%emt 00:00:47]} 37. Re1 {[%clk 00:22:42]} {[%emt 00:01:38]} Kf6
{[%clk 00:20:19]} {[%emt 00:00:40]} 38. Kf2 {[%emt 00:00:23]} Rc7 {[%clk
00:19:20]} {[%emt 00:01:12]} 39. Re2 {[%clk 00:21:05]} {[%emt 00:01:47]} Ne3
{[%clk 00:18:20]} {[%emt 00:01:14]} 40. Bh1 {[%clk 00:20:17]} {[%emt 00:01:02]}
Kg5 {[%clk 00:17:31]} {[%emt 00:01:05]} 41. Be4 {[%clk 00:18:33]} {[%emt
00:02:00]} Rf7+ {[%clk 00:17:24]} {[%emt 00:00:22]} 42. Ke1 {[%clk 00:18:04]}
{[%emt 00:00:44]} Rf1+ {[%clk 00:17:33]} {[%emt 00:00:05]} 43. Kd2 {[%clk
00:18:13]} {[%emt 00:00:05]} Rd1# {[%clk 00:17:44]} {[%emt 00:00:04]} 0-1

[Event "DEM U8 2025"]
[Site "Willingen GER"]
[Date "2025.06.13"]
[Round "6"]
[White "Subenko, Alexander"]
[Black "Dold, Emil"]
[Result "1-0"]
[Termination "normal"]
[Board "3"]
[WhiteElo "1714"]
[BlackElo "1245"]
[WhiteClock "00:43:01"]
[BlackClock "00:40:35"]
[PlyCount "75"]
[WhiteFideId "533017077"]
[EventCountry "GER"]
[EventRounds "7"]
[EventType "swiss"]
[EventDate "2025.06.10"]

1. e4 {[%clk 01:00:29]} c5 {[%clk 01:00:23]} {[%emt 00:00:08]} 2. Nf3 {[%clk
01:00:38]} {[%emt 00:00:05]} d6 {[%clk 01:00:28]} {[%emt 00:00:10]} 3. d4
{[%clk 01:00:37]} {[%emt 00:00:16]} cxd4 {[%clk 01:00:26]} {[%emt 00:00:17]} 4.
Nxd4 {[%clk 01:00:43]} {[%emt 00:00:10]} Nf6 {[%clk 01:00:25]} {[%emt
00:00:16]} 5. Nc3 {[%clk 01:00:49]} {[%emt 00:00:09]} a6 {[%clk 01:00:25]}
{[%emt 00:00:15]} 6. Be3 {[%clk 01:00:56]} {[%emt 00:00:07]} e5 {[%clk
01:00:23]} {[%emt 00:00:18]} 7. Nde2 {[%clk 01:00:56]} {[%emt 00:00:14]} Be7
{[%clk 01:00:27]} {[%emt 00:00:11]} 8. Qd2 {[%clk 01:01:04]} {[%emt 00:00:07]}
Be6 {[%clk 01:00:25]} {[%emt 00:00:15]} 9. O-O-O {[%clk 01:00:28]} {[%emt
00:00:54]} O-O {[%clk 01:00:15]} {[%emt 00:00:25]} 10. f3 {[%clk 01:00:34]}
{[%emt 00:00:08]} Nc6 {[%clk 00:59:02]} {[%emt 00:01:28]} 11. g4 {[%clk
01:00:22]} {[%emt 00:00:28]} h6 {[%clk 00:58:14]} {[%emt 00:01:04]} 12. h4
{[%clk 01:00:00]} {[%emt 00:00:35]} Nd7 {[%clk 00:57:57]} {[%emt 00:00:32]} 13.
g5 {[%clk 00:59:10]} {[%emt 00:01:06]} h5 {[%clk 00:58:00]} {[%emt 00:00:11]}
14. Ng3 {[%clk 00:58:52]} {[%emt 00:00:32]} g6 {[%clk 00:57:19]} {[%emt
00:00:57]} 15. Bg2 {[%clk 00:58:29]} {[%emt 00:00:38]} b5 {[%clk 00:56:48]}
{[%emt 00:00:47]} 16. Nd5 {[%clk 00:55:00]} {[%emt 00:03:43]} Bxd5 {[%clk
00:56:22]} {[%emt 00:00:41]} 17. exd5 {[%clk 00:54:43]} {[%emt 00:00:32]} Nd4
{[%clk 00:56:20]} {[%emt 00:00:18]} 18. Bxd4 {[%clk 00:54:39]} {[%emt
00:00:19]} exd4 {[%clk 00:56:15]} {[%emt 00:00:20]} 19. Qxd4 {[%clk 00:54:35]}
{[%emt 00:00:19]} Qa5 {[%clk 00:55:55]} {[%emt 00:00:35]} 20. Kb1 {[%clk
00:54:25]} {[%emt 00:00:25]} Rac8 {[%clk 00:54:43]} {[%emt 00:01:26]} 21. f4
{[%clk 00:53:47]} {[%emt 00:00:54]} f6 {[%clk 00:54:28]} {[%emt 00:00:29]} 22.
Qd3 {[%clk 00:53:17]} {[%emt 00:00:45]} Kg7 {[%clk 00:54:09]} {[%emt 00:00:34]}
23. Rhe1 {[%clk 00:52:44]} {[%emt 00:00:49]} Rfe8 {[%clk 00:53:54]} {[%emt
00:00:30]} 24. f5 {[%clk 00:50:02]} {[%emt 00:02:56]} Ne5 {[%clk 00:53:40]}
{[%emt 00:00:30]} 25. Rxe5 {[%clk 00:46:21]} {[%emt 00:03:55]} dxe5 {[%clk
00:52:49]} {[%emt 00:01:06]} 26. fxg6 {[%clk 00:46:22]} {[%emt 00:00:15]} Bd6
{[%clk 00:52:24]} {[%emt 00:00:39]} 27. Nf5+ {[%clk 00:46:22]} {[%emt
00:00:15]} Kf8 {[%clk 00:48:29]} {[%emt 00:04:10]} 28. Nxd6 {[%clk 00:43:27]}
{[%emt 00:03:10]} Red8 {[%clk 00:44:00]} {[%emt 00:04:45]} 29. Nxc8 {[%clk
00:43:33]} {[%emt 00:00:10]} Rxc8 {[%clk 00:43:59]} {[%emt 00:00:15]} 30. gxf6
{[%clk 00:43:31]} {[%emt 00:00:16]} Qc7 {[%clk 00:43:04]} {[%emt 00:01:11]} 31.
d6 {[%clk 00:43:04]} {[%emt 00:00:42]} Qd7 {[%clk 00:41:51]} {[%emt 00:01:28]}
32. Bh3 {[%clk 00:43:08]} {[%emt 00:00:10]} Qd8 {[%clk 00:41:32]} {[%emt
00:00:35]} 33. Bxc8 {[%clk 00:42:55]} {[%emt 00:00:27]} Qxc8 {[%emt 00:00:09]}
34. d7 {[%emt 00:00:09]} Qd8 {[%emt 00:00:07]} 35. Qd6+ {[%emt 00:00:09]} Kg8
{[%clk 00:40:55]} {[%emt 00:00:17]} 36. Qe7 {[%clk 00:43:01]} {[%emt 00:00:10]}
Qxe7 {[%clk 00:40:52]} {[%emt 00:00:19]} 37. d8=Q+ {[%emt 00:00:17]} Qxd8
{[%clk 00:40:35]} {[%emt 00:00:28]} 38. Rxd8# {[%emt 00:00:10]} 1-0

[Event "DEM U8 2025"]
[Site "Willingen GER"]
[Date "2025.06.13"]
[Round "6"]
[White "Kovacs, David"]
[Black "Weller, Markus"]
[Result "1-0"]
[Termination "normal"]
[Board "4"]
[WhiteElo "1358"]
[BlackElo "1239"]
[WhiteClock "00:48:54"]
[BlackClock "00:41:06"]
[PlyCount "83"]
[WhiteFideId "533004005"]
[BlackFideId "533033838"]
[EventCountry "GER"]
[EventRounds "7"]
[EventType "swiss"]
[EventDate "2025.06.10"]

1. e4 {[%clk 01:00:28]} {[%emt 00:00:02]} c6 {[%clk 01:00:19]} {[%emt
00:00:12]} 2. d4 {[%clk 01:00:36]} {[%emt 00:00:06]} d5 {[%clk 00:58:57]}
{[%emt 00:00:06]} 3. exd5 {[%clk 01:00:46]} {[%emt 00:01:37]} cxd5 {[%clk
00:59:03]} {[%emt 00:00:08]} 4. Bd3 {[%clk 01:00:56]} {[%emt 00:00:05]} Nc6
{[%clk 00:59:10]} {[%emt 00:00:08]} 5. c3 {[%clk 01:01:05]} {[%emt 00:00:06]}
Nf6 {[%clk 00:59:01]} {[%emt 00:00:23]} 6. h3 {[%clk 01:01:15]} {[%emt
00:00:06]} h6 {[%clk 00:59:03]} {[%emt 00:00:13]} 7. Nf3 {[%clk 01:01:22]}
{[%emt 00:00:08]} Qc7 {[%clk 00:58:58]} {[%emt 00:00:20]} 8. Be3 {[%clk
01:00:56]} {[%emt 00:00:41]} Bd7 {[%clk 00:59:00]} {[%emt 00:00:12]} 9. Nbd2
{[%clk 01:01:04]} {[%emt 00:00:08]} e6 {[%clk 00:59:10]} {[%emt 00:00:05]} 10.
O-O {[%clk 01:01:00]} {[%emt 00:00:19]} Bd6 {[%clk 00:59:21]} {[%emt 00:00:04]}
11. Qc2 {[%clk 01:00:15]} {[%emt 00:01:00]} O-O-O {[%clk 00:59:10]} {[%emt
00:00:26]} 12. a4 {[%clk 00:59:44]} {[%emt 00:00:46]} g5 {[%clk 00:58:12]}
{[%emt 00:01:13]} 13. b4 {[%emt 00:00:31]} Rdg8 {[%clk 00:58:14]} {[%emt
00:00:10]} 14. a5 {[%clk 00:59:21]} {[%emt 00:00:26]} Kd8 {[%clk 00:57:55]}
{[%emt 00:00:34]} 15. Rfb1 {[%clk 00:59:07]} {[%emt 00:00:28]} g4 {[%clk
00:57:25]} {[%emt 00:00:45]} 16. hxg4 {[%clk 00:58:32]} {[%emt 00:00:50]} Nxg4
{[%clk 00:57:16]} {[%emt 00:00:24]} 17. Qa2 {[%clk 00:56:28]} {[%emt 00:02:19]}
Nxe3 {[%clk 00:56:38]} {[%emt 00:00:53]} 18. fxe3 {[%clk 00:56:34]} {[%emt
00:00:09]} e5 {[%clk 00:55:25]} {[%emt 00:01:28]} 19. Qxd5 {[%clk 00:54:36]}
{[%emt 00:02:12]} Bh3 {[%clk 00:50:39]} {[%emt 00:05:02]} 20. Bf1 {[%clk
00:53:55]} {[%emt 00:00:56]} f6 {[%clk 00:48:14]} {[%emt 00:02:40]} 21. b5
{[%clk 00:52:30]} {[%emt 00:01:40]} Ne7 {[%clk 00:47:55]} {[%emt 00:00:34]} 22.
Qc4 {[%clk 00:51:38]} {[%emt 00:01:07]} Qxc4 {[%clk 00:47:08]} {[%emt
00:01:02]} 23. Nxc4 {[%clk 00:51:44]} {[%emt 00:00:08]} Bb8 {[%clk 00:47:04]}
{[%emt 00:00:19]} 24. dxe5 {[%clk 00:51:44]} {[%emt 00:00:16]} fxe5 {[%clk
00:47:06]} {[%emt 00:00:13]} 25. Ncxe5 {[%clk 00:51:38]} {[%emt 00:00:20]} Bxe5
{[%clk 00:46:37]} {[%emt 00:00:45]} 26. Nxe5 {[%clk 00:51:45]} {[%emt
00:00:08]} Ke8 {[%clk 00:46:47]} {[%emt 00:00:06]} 27. Rd1 {[%clk 00:51:28]}
{[%emt 00:00:31]} Rg3 {[%clk 00:45:30]} {[%emt 00:01:31]} 28. Rd3 {[%clk
00:50:57]} {[%emt 00:00:46]} Nf5 {[%clk 00:45:18]} {[%emt 00:00:27]} 29. Kh2
{[%clk 00:50:49]} {[%emt 00:00:24]} Bg4 {[%clk 00:44:53]} {[%emt 00:00:40]} 30.
Nxg4 {[%clk 00:50:37]} {[%emt 00:00:26]} Rxg4 {[%clk 00:44:53]} {[%emt
00:00:15]} 31. Rad1 {[%clk 00:50:38]} {[%emt 00:00:14]} Rhg8 {[%clk 00:44:00]}
{[%emt 00:01:09]} 32. Rd8+ {[%clk 00:50:30]} {[%emt 00:00:22]} Kf7 {[%clk
00:43:01]} {[%emt 00:01:14]} 33. Bc4+ {[%clk 00:50:26]} {[%emt 00:00:20]} Kf6
{[%clk 00:41:59]} {[%emt 00:01:17]} 34. Rxg8 {[%clk 00:50:29]} {[%emt
00:00:11]} Rh4+ {[%clk 00:41:56]} {[%emt 00:00:19]} 35. Kg1 {[%clk 00:50:22]}
{[%emt 00:00:22]} Nxe3 {[%clk 00:42:00]} {[%emt 00:00:11]} 36. Rd6+ {[%clk
00:49:56]} {[%emt 00:00:41]} Kf5 {[%clk 00:41:32]} {[%emt 00:00:43]} 37. Rf8+
{[%clk 00:49:27]} {[%emt 00:00:44]} Kg5 {[%clk 00:41:26]} {[%emt 00:00:21]} 38.
Bd5 {[%clk 00:48:44]} {[%emt 00:00:58]} Nxd5 {[%clk 00:41:04]} {[%emt
00:00:36]} 39. Rxd5+ {[%clk 00:48:48]} {[%emt 00:00:11]} Kg4 {[%clk 00:41:02]}
{[%emt 00:00:18]} 40. Rd4+ {[%clk 00:48:47]} {[%emt 00:00:15]} Kg3 {[%clk
00:41:06]} {[%emt 00:00:10]} 41. Rg8+ {[%clk 00:48:45]} {[%emt 00:00:18]} Rg4
{[%clk 00:41:06]} {[%emt 00:00:15]} 42. Rgxg4# {[%clk 00:48:54]} {[%emt
00:00:07]} 1-0

[Event "DEM U8 2025"]
[Site "Willingen GER"]
[Date "2025.06.13"]
[Round "6"]
[White "Gerhardt, Noah"]
[Black "Qiu, Caspar"]
[Result "1/2-1/2"]
[Termination "normal"]
[Board "5"]
[WhiteElo "1205"]
[BlackElo "1289"]
[WhiteClock "00:04:04"]
[BlackClock "00:18:40"]
[PlyCount "95"]
[WhiteFideId "34696083"]
[BlackFideId "34697691"]
[EventCountry "GER"]
[EventRounds "7"]
[EventType "swiss"]
[EventDate "2025.06.10"]

1. e4 {[%clk 01:00:29]} c5 {[%clk 01:00:30]} 2. c3 {[%clk 01:00:34]} {[%emt
00:00:10]} d5 {[%clk 01:00:41]} {[%emt 00:00:04]} 3. exd5 {[%clk 01:00:44]}
{[%emt 00:00:05]} Qxd5 {[%clk 01:00:50]} {[%emt 00:00:05]} 4. d4 {[%clk
01:00:51]} {[%emt 00:00:09]} Nf6 {[%clk 01:01:01]} {[%emt 00:00:04]} 5. Nf3
{[%clk 01:00:07]} {[%emt 00:00:58]} e6 {[%clk 01:01:09]} {[%emt 00:00:08]} 6.
Be2 {[%clk 00:57:30]} {[%emt 00:02:51]} Be7 {[%clk 01:01:03]} {[%emt 00:00:21]}
7. O-O {[%clk 00:57:25]} {[%emt 00:00:20]} O-O {[%clk 01:01:13]} {[%emt
00:00:05]} 8. Bf4 {[%clk 00:55:40]} {[%emt 00:01:56]} Nc6 {[%clk 01:01:06]}
{[%emt 00:00:26]} 9. Re1 {[%clk 00:53:58]} {[%emt 00:01:57]} Re8 {[%clk
01:00:39]} {[%emt 00:00:42]} 10. Bb5 {[%clk 00:47:15]} {[%emt 00:06:59]} a6
{[%clk 00:58:33]} {[%emt 00:02:21]} 11. Bxc6 {[%emt 00:01:59]} Qxc6 {[%clk
00:57:04]} {[%emt 00:01:40]} 12. Nbd2 {[%clk 00:42:17]} {[%emt 00:03:32]} Nd5
{[%clk 00:53:23]} {[%emt 00:03:57]} 13. Bg3 {[%clk 00:41:01]} {[%emt 00:01:30]}
Qb6 {[%clk 00:50:53]} {[%emt 00:02:46]} 14. Rb1 {[%clk 00:40:21]} {[%emt
00:00:55]} Qd8 {[%clk 00:49:05]} {[%emt 00:02:02]} 15. dxc5 {[%clk 00:37:36]}
{[%emt 00:02:59]} Bxc5 {[%clk 00:48:42]} {[%emt 00:00:39]} 16. Ne4 {[%clk
00:35:27]} {[%emt 00:02:23]} Be7 {[%clk 00:46:07]} {[%emt 00:02:51]} 17. Qb3
{[%clk 00:32:34]} {[%emt 00:03:07]} b5 {[%clk 00:44:10]} {[%emt 00:02:14]} 18.
Ne5 {[%clk 00:30:59]} {[%emt 00:01:47]} Qb6 {[%clk 00:40:42]} {[%emt 00:03:45]}
19. Qc2 {[%clk 00:26:47]} {[%emt 00:04:27]} f6 {[%emt 00:06:35]} 20. Nd3 {[%clk
00:24:33]} {[%emt 00:00:56]} Bb7 {[%clk 00:34:31]} {[%emt 00:01:40]} 21. Nf4
{[%clk 00:22:23]} {[%emt 00:02:24]} Nxf4 {[%clk 00:33:45]} {[%emt 00:01:03]}
22. Bxf4 {[%clk 00:21:29]} {[%emt 00:01:07]} e5 {[%clk 00:32:55]} {[%emt
00:01:05]} 23. Be3 {[%clk 00:17:25]} {[%emt 00:04:19]} Qc6 {[%clk 00:31:49]}
{[%emt 00:01:21]} 24. f3 {[%clk 00:15:26]} {[%emt 00:02:14]} f5 {[%emt
00:04:07]} 25. Nd2 {[%clk 00:13:45]} {[%emt 00:00:17]} f4 {[%clk 00:29:05]}
{[%emt 00:00:46]} 26. Bf2 {[%clk 00:13:33]} {[%emt 00:00:20]} Bc5 {[%clk
00:28:15]} {[%emt 00:01:12]} 27. Ne4 {[%clk 00:11:42]} {[%emt 00:02:06]} Bxf2+
{[%clk 00:28:23]} {[%emt 00:00:08]} 28. Qxf2 {[%clk 00:11:16]} {[%emt
00:00:39]} Qg6 {[%clk 00:27:01]} {[%emt 00:01:37]} 29. Rbd1 {[%clk 00:10:01]}
{[%emt 00:01:31]} Bxe4 {[%clk 00:25:54]} {[%emt 00:01:23]} 30. Rxe4 {[%clk
00:09:28]} {[%emt 00:00:48]} Qe6 {[%clk 00:23:00]} {[%emt 00:03:07]} 31. Rde1
{[%clk 00:07:53]} {[%emt 00:01:52]} Qxa2 {[%clk 00:21:09]} {[%emt 00:02:06]}
32. Rxe5 {[%clk 00:07:53]} {[%emt 00:00:15]} Rxe5 {[%clk 00:21:10]} {[%emt
00:00:14]} 33. Rxe5 {[%clk 00:07:55]} {[%emt 00:00:13]} Rd8 {[%clk 00:20:55]}
{[%emt 00:00:30]} 34. h4 {[%clk 00:04:22]} {[%emt 00:03:47]} Qb1+ {[%clk
00:20:14]} {[%emt 00:00:57]} 35. Re1 {[%clk 00:03:55]} {[%emt 00:00:42]} Rd1
{[%clk 00:19:44]} {[%emt 00:00:45]} 36. Rxd1 {[%clk 00:04:00]} {[%emt
00:00:10]} Qxd1+ {[%clk 00:19:54]} {[%emt 00:00:05]} 37. Qf1 {[%clk 00:04:12]}
{[%emt 00:00:03]} Qxf1+ {[%clk 00:19:05]} {[%emt 00:01:03]} 38. Kxf1 {[%clk
00:04:01]} {[%emt 00:00:26]} Kf7 {[%clk 00:19:12]} {[%emt 00:00:08]} 39. Ke2
{[%clk 00:04:15]} {[%emt 00:00:01]} Ke6 {[%clk 00:19:10]} {[%emt 00:00:17]} 40.
Kd3 {[%clk 00:04:27]} {[%emt 00:00:03]} Kd5 {[%clk 00:19:17]} {[%emt 00:00:08]}
41. b4 {[%emt 00:00:55]} h5 {[%clk 00:19:16]} {[%emt 00:00:15]} 42. Kc2 {[%clk
00:03:48]} {[%emt 00:00:16]} Kc4 {[%clk 00:19:13]} {[%emt 00:00:18]} 43. Kd2
{[%clk 00:03:54]} {[%emt 00:00:08]} Kb3 {[%clk 00:19:19]} {[%emt 00:00:09]} 44.
Kd3 {[%clk 00:04:07]} {[%emt 00:00:02]} g6 {[%clk 00:19:02]} {[%emt 00:00:33]}
45. Kd2 {[%clk 00:04:04]} {[%emt 00:00:18]} Kc4 {[%clk 00:18:40]} {[%emt
00:00:37]} 46. Kc2 {[%emt 00:01:11]} Kd5 {[%emt 00:00:03]} 47. Kd3 {[%emt
00:00:01]} Ke5 {[%emt 00:00:03]} 48. Kc2 {[%emt 00:00:11]} 1/2-1/2